Logo Biblioteca

La joya de las siete estrellas / (Registro nro. 929)

Detalles MARC
000 -LEADER
fixed length control field 01365nam a22003257a 4500
003 - CONTROL NUMBER IDENTIFIER
control field AR-RoUNCS
005 - DATE AND TIME OF LATEST TRANSACTION
control field 20260305092548.0
008 - FIXED-LENGTH DATA ELEMENTS--GENERAL INFORMATION
fixed length control field 160810s2015 ag dr 001 f spa
015 ## - NATIONAL BIBLIOGRAPHY NUMBER
National bibliography number AR-2015
020 ## - INTERNATIONAL STANDARD BOOK NUMBER
International Standard Book Number 978-987-1565-48-1
040 ## - CATALOGING SOURCE
Original cataloging agency AR-BaBN
Language of cataloging spa
Transcribing agency AR-RoUNCS
Description conventions aacr
044 ## - COUNTRY OF PUBLISHING/PRODUCING ENTITY CODE
MARC country code ag
ISO country code ar-c
080 0# - UNIVERSAL DECIMAL CLASSIFICATION NUMBER
Universal Decimal Classification number 82-32(410)
Edition identifier 2016
100 1# - MAIN ENTRY--PERSONAL NAME
Personal name Stoker, Bram,
Dates associated with a name 1847-1912
Relator term autor
Relationship aut
245 13 - TITLE STATEMENT
Title La joya de las siete estrellas /
Statement of responsibility, etc. Bram Stoker ; [traducción, Carolina Fernández].
250 ## - EDITION STATEMENT
Edition statement 1a ed.
260 ## - PUBLICATION, DISTRIBUTION, ETC.
Place of publication, distribution, etc. Ciudad Autónoma de Buenos Aires :
Name of publisher, distributor, etc. Letra Impresa,
Date of publication, distribution, etc. 2015.
300 ## - PHYSICAL DESCRIPTION
Extent 237 p. ;
Dimensions 20 cm.
490 0# - SERIES STATEMENT
Series statement Colección Generación Z / directora, Patricia Roggio
Volume/sequential designation 11
500 ## - GENERAL NOTE
General note Incluye actividades de análisis y producción de textos.
504 ## - BIBLIOGRAPHY, ETC. NOTE
Bibliography, etc. note Incluye notas bibliográficas a pie de página.
520 1# - SUMMARY, ETC.
Summary, etc. “El descubrimiento del misterioso mundo del Antiguo Egipto, su magia, sus tumbas y sus momias irrumpe con una posibilidad: alguien preparó su muerte para que la vuelta a la vida fuera posible.”
Assigning source (Descripción del editor).
521 1# - TARGET AUDIENCE NOTE
Target audience note Lectura sugerida a partir de los 15 años.
650 #7 - SUBJECT ADDED ENTRY--TOPICAL TERM
Source of heading or term embne
Topical term or geographic name entry element Literatura irlandesa
655 #7 - INDEX TERM--GENRE/FORM
Genre/form data or focus term Novelas cortas
Source of term embne
655 #7 - INDEX TERM--GENRE/FORM
Genre/form data or focus term Novelas fantásticas
Source of term embne
700 1# - ADDED ENTRY--PERSONAL NAME
Personal name Roggio, Patricia B.
Relator term dir. de colección
700 1# - ADDED ENTRY--PERSONAL NAME
Personal name Fernández, Carolina
Relator term tr.
942 ## - ADDED ENTRY ELEMENTS (KOHA)
Source of classification or shelving scheme Universal Decimal Classification
Koha item type Obra General
Suppress in OPAC No
Existencias
Withdrawn status Lost status Source of classification or shelving scheme Damaged status Not for loan Collection Home library Current library Date acquired Total checkouts Full call number Barcode Date last seen Price effective from Koha item type
    Universal Decimal Classification     Colección General Biblioteca Escuela de Ciencias Sociales Biblioteca Escuela de Ciencias Sociales 05/03/2026   82-32(410) ST874 000118 05/03/2026 05/03/2026 Obra General
Biblioteca de la Escuela Preuniversitaria en Ciencias Sociales y Humanísticas.
Riobamba 250 bis.
CP 2000 - Rosario - Santa Fe
E-Mail: biblioteca@esociales.unr.edu.ar